| 000 | 00807nam a2200229 i 4500 | ||
|---|---|---|---|
| 001 | 49306 | ||
| 003 | ES-MaACL | ||
| 005 | 20250828023458.0 | ||
| 007 | t| | ||
| 008 | 030714s1958 sp ||||1| spa d | ||
| 100 | 1 |
_aCortés Echanove, Luis. _940885 |
|
| 245 | 1 | 0 |
_aNacimiento y crianza de personas reales en la Corte de España _b: 1566-1886 / _cLuis Cortés Echanove. |
| 260 |
_aMadrid : _bEscuela de Historia Moderna, _c1958 ( _fGráf. Montaña) |
||
| 300 |
_a385 p., 32 lám. ; _c25 cm. |
||
| 586 | 8 | _aPremio "Luis Vives" 1954 | |
| 650 | 7 |
_aEducación de príncipes _2embne _912100 |
|
| 650 | 4 |
_aÉtica política- _zEspaña. _9151908 |
|
| 651 | 4 |
_aEspaña- _xReyes y soberanos. _98492 |
|
| 710 | 2 |
_aEscuela de Historia Moderna (Madrid) _93547 |
|
| 852 |
_aES-MaACL _jE-5759 |
||
| 999 |
_c49306 _d49306 |
||